Eglise et société economique : l'enseignement social de Jean XXIII /

Obra en dos volúmenes que presenta de manera sistemática el pensamiento social de los Papas León XIII, Pío X, Benedicto XV, Pío XI, Pío XII y Juan XXIII, que han plasmado en sus documentos pontificios sobre materia económica y social; entre los que destacan Rerum novarum, Mater et magistra y Quadrag...

Cur síos iomlán

Sábháilte in:
Sonraí bibleagrafaíochta
Príomhchruthaitheoir: Calvez, Jean-Yves (autor)
Formáid: LEABHAR
Teanga:Fraincis
Foilsithe / Cruthaithe: París, Francia : Aubier-Montaigne, 1963, c1963
Sraith:(Théologie ; 55)
Ábhair:
Clibeanna: Cuir clib leis
Níl clibeanna ann, Bí ar an gcéad duine le clib a chur leis an taifead seo!

MARC

LEADER 00000nam^a2200000^a^4500
001 000330065
005 20250521000000.0
009 20260310113954.256
037 |a Acervo Xavier Clavigero 
041 |a FRA 
082 |a 261. 85  |b CAL V. 2 
100 |a Calvez, Jean-Yves  |e (autor) 
240 1 1 |a [Iglesia y sociedad económica] 
245 1 0 |a Eglise et société economique :  |b l'enseignement social de Jean XXIII /  |c J.Y. Calvez. 
264 4 |a París, Francia :  |b Aubier-Montaigne,  |c 1963, c1963 
300 |a 126 p. 
336 |a texto  |b txt  |2 rdacontenido 
337 |a sin mediación  |b n  |2 rdamedio 
338 |a volumen  |b nc  |2 rdasoporte 
440 1 |a (Théologie ;  |v 55) 
520 |a Obra en dos volúmenes que presenta de manera sistemática el pensamiento social de los Papas León XIII, Pío X, Benedicto XV, Pío XI, Pío XII y Juan XXIII, que han plasmado en sus documentos pontificios sobre materia económica y social; entre los que destacan Rerum novarum, Mater et magistra y Quadragesimo anno. El presente V. 2 aborda el pensamiento de Juan XXIII, expresada principalmente en su enciclica Mater et magistra, donde se enfatiza el deber de la Iglesia de velar no solo por el crecimiento espiritual de los hombres, sino por bienestar y desarrollo económico-social. 
649 |a XX 
650 |a Iglesia Católica -  |x Historia -  |y Papa, 1958-1963 (Juan XXIII) 
650 |a Iglesia Católica -  |x Historia -  |y Siglo XX 
650 |a Iglesia y Problemas Sociales -  |x Tema Principal 
650 |a Encíclicas -  |x Historia y Crítica 
650 |a Documentos Pontificios -  |x Historia y Crítica 
650 |a Igualdad y Desigualdad 
650 |a Justicia e Injusticia 
650 |a Trabajo 
650 |a Propiedad Privada 
650 |a Distribución del Ingreso 
650 |a Desarrollo Económico-Social 
650 |a Asociaciones Políticas 
650 |a Estado, El 
650 |a Economía 
650 |a Teología Social 
650 |a Catolicismo 
650 |a Cristianismo y Economía -  |x Tema Principal 
650 |a Cristianismo y Sociedad 
650 |a Política y Religión 
650 |a Religión 
910 |a Fondo General 
920 |a Impresos - Libros 
930 |a Colección General 
905 |a 101 
901 |a 0500219380  |b IT1  |c ACC  |u 20250521 
902 |a https://opac.biblio.iteso.mx/vufind/Record/000330065